Click A Movie, Initially - Animated Movies IV Quiz Stats

 Plays Quiz Updated Sep 15, 2017

Score 0/20 Timer 05:00
2 Plays Today
% Correct
Ratatouille
94.1%
Pinocchio
94.1%
The Jungle Book
93.2%
Bee Movie
91%
Cars
90.9%
Peter Pan
89.8%
Sleeping Beauty
89.5%
The Fox And The Hound
88.3%
Horton Hears A Who
84.5%
Finding Dory
83.7%
% Correct
Minions
80%
Tangled
79.9%
Sausage Party
77.2%
Monsters vs. Aliens
75.5%
The Great Mouse Detective
75%
Surf's Up
72%
The Adventures Of Tintin
67.8%
An American Tail
66.8%
Rise Of The Guardians
61%
My Neighbour Totoro
55.4%

You're not logged in!

Compare scores with friends on all Sporcle quizzes.
Join for Free
OR
Log In

Show Comments

Extras

Top Quizzes Today


Score Distribution

Your Account Isn't Verified!

In order to create a playlist on Sporcle, you need to verify the email address you used during registration. Go to your Sporcle Settings to finish the process.

Report this User

Report this user for behavior that violates our Community Guidelines.

Details: